000 00600nam a2200205 i 4500
001 105553
003 ES-MaACL
007 t|
008 060725s1960 ag ||||1| spa d
080 _a821.134.2(82)-31"19"
100 1 _aMosquera, Marta.
_983783
245 1 0 _aManuscrito en el espejo /
_cMarta Mosquera.
260 _aBuenos Aires :
_bLosada,
_c[1960]
300 _a86 p. ;
_c21 cm.
490 1 _aNovelistas de nuestra época
500 _aBiblioteca Juan Andrade.
830 0 _aNovelistas de nuestra época
_9181054
852 _aES-MaACL
_jAND-363
_bR.109667
999 _c105553
_d105553